Didáctica general en la educación secundaria /

Bibliographic Details
Main Authors: Carette, Vincent (Author), Rey, Bernard, 1942- (Author)
Other Authors: Zulueta, Orlando (Translator)
Format: Electronic eBook
Language:Spanish
French
Published: Madrid : Editorial Popular, [2014]
Series:Proa ; Serie Competencias. 46.
Subjects:
Online Access:Digitalia Hispánica

MARC

LEADER 00000nam a2200000Ii 4500
001 DIGPOPL0104
003 NyNyDIG
006 m o d
007 cr |||||||||||
008 240920s2014 sp o 000 0 spa d
035 |a (OCoLC)1456948843 
040 |a DGITA  |b eng  |e rda  |e pn  |c DGITA 
020 |z 9788478846313 
041 1 |a spa  |h fre 
050 1 4 |a LB1620 ebook 
100 1 |a Carette, Vincent,  |e author. 
240 1 0 |a Savoir enseigner dans le Secondaire.  |l Spanish  |s (Zulueta) 
245 1 0 |a Didáctica general en la educación secundaria /  |c Vincent Carette, Bernard Rey ; traductor, Orlando Zulueta. 
264 1 |a Madrid :  |b Editorial Popular,  |c [2014] 
300 |a 1 online resource. 
336 |a text  |b txt  |2 rdacontent 
337 |a computer  |b c  |2 rdamedia 
338 |a online resource  |b cr  |2 rdacarrier 
347 |a text file  |2 rdaft 
347 |b PDF 
490 1 |a Colección Proa. Serie Competencias  
588 0 |a Online resource; title from PDF title page (Digitalia, viewed September 20, 2024) 
650 0 |a Education, Secondary  |x Study and teaching. 
700 1 |a Rey, Bernard,  |d 1942-  |e author. 
700 1 |a Zulueta, Orlando,  |e translator. 
700 1 |i Translation of:  |a Carette, Vincent.  |t Savoir enseigner dans le Secondaire. 
791 2 |a Digitalia (Firm),  |e distributor. 
793 0 |g Digitalia eBook Collection:  |a Editorial Popular 
776 0 8 |i Print version:  |a Carette, Vincent.  |s Savoir enseigner dans le Secondaire. Spanish (Zulueta).  |t Didáctica general en la educación secundaria.  |d Madrid : Editorial Popular, [2014]  |z 9788478846313 
830 0 |a Proa ;  |v 46.  |p Serie Competencias.  
856 4 0 |3 Digitalia Hispánica  |u https://www.digitaliapublishing.com/a/155551/ 
910 |a Premium collection: 2024